Tratados fisicos y medicos de los temblores y otros movimientos de la tierra, llamados vulgarmente terremotos, de sus causas, señales, auxilios, pronósticos e historias... / (Record no. 166550)

MARC details
000 -LEADER
campo de control de longitud fija 01248nam a22002415i 4500
001 - NÚMERO DE CONTROL
campo de control 166550
003 - IDENTIFICADOR DE NÚMERO DE CONTROL
campo de control ES-MaACL
005 - FECHA Y HORA DE LA ÚLTIMA TRANSACCIÓN
campo de control 20250730063148.0
008 - DATOS DE LONGITUD FIJA--INFORMACIÓN GENERAL
campo de control de longitud fija 990903s1794 sp |||| | spa d
100 1# - ENTRADA PRINCIPAL--NOMBRE DE PERSONA
Nombre de persona Torres Villarroel, Diego de,
Fechas asociadas al nombre 1693-1770
9 (RLIN) 111026
245 10 - MENCIÓN DEL TÍTULO
Título Tratados fisicos y medicos de los temblores y otros movimientos de la tierra, llamados vulgarmente terremotos, de sus causas, señales, auxilios, pronósticos e historias... /
Mención de responsabilidad, etc. por el Dr. D. Diego de Torres Villarroel...; tomo V.
260 ## - PUBLICACIÓN, DISTRIBUCIÓN, ETC.
Lugar de publicación, distribución, etc. Madrid :
Nombre del editor, distribuidor, etc. en la imprenta de la Viuda de Ibarra,
Fecha de publicación, distribución, etc. 1794.
300 ## - DESCRIPCIÓN FÍSICA
Extensión [16], 393, IV p. ;
Dimensiones 8º.
530 ## - NOTA DISPONIBLE DE FORMULARIO FÍSICO ADICIONAL
Nota de formato físico adicional disponible Disponible en formato digital.
595 ## -
-- Según Francisco Aguilar Piñal, la edición de la Viuda de Ibarra, 1794-1799, supone la 2ª ed. de las Obras completas de Diego de Torres Villarroel, en 15 v., que carecen de tít. genérico.
596 ## - NOTA AL PIE DE IMPRENTA
NOTA AL PIE DE IMPRENTA Marca tip. en port.
597 ## - NOTA DE DESCRIPCIÓN FÍSICA
NOTA DE DESCRIPCIÓN FÍSICA Sign.: A10, B-Z8, 2A-2B8, 2C5.
597 ## - NOTA DE DESCRIPCIÓN FÍSICA
NOTA DE DESCRIPCIÓN FÍSICA Índice enc. al final (IV p.)
650 #4 - PUNTO DE ACCESO ADICIONAL DE MATERIA--TÉRMINO DE MATERIA
Término de materia o nombre geográfico como elemento de entrada Terremotos.
9 (RLIN) 136925
852 4# - LOCALIZACIÓN
Ubicación ES-MaACL
Número de control de estantería R-2207-21
Nota libre - Enc. pasta española. Olim: C-31414-28.
856 4# - LOCALIZACIÓN Y ACCESO ELECTRÓNICOS
Identificador Uniforme de Recursos <a href="http://bdh-rd.bne.es/viewer.vm?id=0000093782&page=1 ">http://bdh-rd.bne.es/viewer.vm?id=0000093782&page=1 </a>
Nota pública Biblioteca Digital Hispánica
Holdings
Estatus retirado Estado de pérdida Estado de daño No para préstamo Colección Biblioteca de origen Biblioteca actual Ubicación en estantería Fecha de adquisición Total de préstamos Signatura topográfica completa Código de barras Visto por última vez Precio de reemplazo Tipo de ítem Koha
        Colección digital Biblioteca del Ateneo de Madrid Biblioteca del Ateneo de Madrid Depósito 17/01/2008   R-2207-21 1174680 23/02/2023 23/02/2023 Libro impreso antiguo